Gandalf Quiz - Statistics

General Stats
  • This quiz has been taken 30 times
    19 since last reset
  • The average score is 8 of 10
Answer Stats
Answer % Correct
What color were his robes Grey / White
100%
What race is he of Istari / Maiar
100%
Man that he crowns Aragorn
94%
1st hobbit he sends on a quest Bilbo
94%
Creature he tells Frodo to pity Gollum
94%
Creature he fought in Moria Balrog
89%
His name from the Elves Mithrandir
83%
His steed Shadowfax
72%
Ring that he bore Narya
67%
Vala that sent him to Middle-earth Manwe
50%
No matching quizzes found
Score Distribution
Percent of People with Each Score
Percentile by Number Answered
Your Score History
You have not taken this quiz since the last reset